Huntik: Secrets & Seekers Characters by Picture - Statistics

General Stats
  • This quiz has been taken 73 times
  • The average score is 7 of 12
Answer Stats
Picture Answer % Correct
Lok Lambert
92%
Sophie Casterwill
87%
Cherit
79%
Zhalia Moon
77%
Dante Vale
75%
The Professor
62%
Rassimov
54%
Klaus
40%
Grier
38%
DeFoe
37%
Den Fears
35%
LeBlanche
29%
No matching quizzes found
Score Distribution
Percent of People with Each Score
Percentile by Number Answered
Your Score History
You have not taken this quiz